000 00542nam a2200169Ia 4500
008 151213s9999 xx 000 0 und d
020 _a978-81-317-24941
100 _aShermon Folland /Allen C.Goodman /Marion Santo
245 _aThe Economics of Health and Health Care
_cShermon Folland /Allen C.Goodman /Marion Santo
250 _a5th
260 _aNew Delhi
_bPearson Education
_c2007
300 _a11052 p.
650 _aEconomics
650 _aEconomics
700 _aShermon Folland /Allen C.Goodman /Marion Santo
999 _c4972
_d4972